00741nam a2200217 a 450000100100000000500170001000800410002704000250006808200140009324500770010725000110018426000300019530000240022549000520024949000130030150000320031450400740034670000380042083000520045883000130051000003381620200930070537.0110912s19uu sp a 000 0 spa d aDO-SdBNPbspacBNPHU axxxxbE7400aEscritores de indias /cselección, estudio y notas Manuel Ballesteros. a2a ed. aMadrid :bEbro,c[19--?]. av. :bil. ;c17 cm.1 aBiblioteca Clásica Ebro, Clasicos Españoles1 aProsav2 aLa biblioteca posee el v. 1 aIncluye referencias bibliográficas y notas al pie de las páginas.12aBallesteros, Manuel,d1911 - 2002 0aBiblioteca Clásica Ebro, Clasicos Españoles 0aProsav2